Introduction to database systems (Record no. 143165)

MARC details
000 -LEADER
fixed length control field 00363nam a2200145Ia 4500
008 - FIXED-LENGTH DATA ELEMENTS--GENERAL INFORMATION
fixed length control field 230917s9999||||xx |||||||||||||| ||und||
040 ## - CATALOGING SOURCE
-- 123109
Original cataloging agency VIVEKANANDA LIBRARY
041 ## - Language
-- English
082 ## - DDC NUMBER
Classification number 005.74 D451I
100 ## - MAIN ENTRY--PERSONAL NAME
Personal name Desai, Bipin C
245 #0 - TITLE STATEMENT
Title Introduction to database systems
260 ## - PUBLICATION, DISTRIBUTION, ETC. (IMPRINT)
Place of publication, distribution, etc New Delhi
Name of publisher, distributor, etc Galgotia
Date of publication, distribution, etc 2007
300 ## - PHYSICAL DESCRIPTION
Pages xx p. ; 934p.
942 ## - ADDED ENTRY ELEMENTS (KOHA)
Koha item type Books
Holdings
Withdrawn status Lost status Damaged status Not for loan Location (home branch) Sublocation or collection (holding branch) Date acquired Koha issues (times borrowed) Koha full call number Accession No. Koha date last seen Koha item type
        VIVEKANANDA LIBRARY VIVEKANANDA LIBRARY 08/05/2009   005.74 D451I 255011 17/09/2023 Books
        VIVEKANANDA LIBRARY VIVEKANANDA LIBRARY 08/05/2009   005.74 D451I 255012 17/09/2023 Books
        VIVEKANANDA LIBRARY VIVEKANANDA LIBRARY 08/05/2009   005.74 D451I 255013 17/09/2023 Books
        VIVEKANANDA LIBRARY VIVEKANANDA LIBRARY 08/05/2009   005.74 D451I 255014 17/09/2023 Books
        VIVEKANANDA LIBRARY VIVEKANANDA LIBRARY 08/05/2009   005.74 D451I 255015 17/09/2023 Books
        VIVEKANANDA LIBRARY VIVEKANANDA LIBRARY 08/05/2009   005.74 D451I 255016 17/09/2023 Books
        VIVEKANANDA LIBRARY VIVEKANANDA LIBRARY 08/05/2009   005.74 D451I 255017 17/09/2023 Books
        VIVEKANANDA LIBRARY VIVEKANANDA LIBRARY 08/05/2009   005.74 D451I 255018 17/09/2023 Books
        VIVEKANANDA LIBRARY VIVEKANANDA LIBRARY 08/05/2009 1 005.74 D451I 255019 05/02/2025 Books
        VIVEKANANDA LIBRARY VIVEKANANDA LIBRARY 08/05/2009 1 005.74 D451I 255020 03/04/2024 Books
© Designed and Maintained by Vivekananda Library, MDU Rohtak